[Event "Savigliano op"]
[Site "Savigliano"]
[Date "2009.05.29"]
[Round "2"]
[White "Guido, Flavio"]
[Black "Muha, Zdravko"]
[Result "1-0"]
[WhiteElo "2396"]
[BlackElo "2113"]
[PlyCount "99"]
[EventDate "2009.05.28"]
[EventType "swiss"]
[EventRounds "6"]
[EventCountry "ITA"]
[SourceTitle "CBM 130 Extra"]
[Source "ChessBase"]
[SourceDate "2009.07.02"]
[SourceVersion "2"]
[SourceVersionDate "2009.07.15"]
[SourceQuality "1"]

1. e4 d5 2. exd5 Qxd5 3. Nc3 Qe5+ 4. Be2 c6 5. d4 Qc7 6. Nf3 Nf6 7. Ne5 Nbd7 8. Bf4 Qa5 9. Nc4 Qd8 10. d5 Nb6 11. dxc6 Qxd1+ 12. Rxd1 bxc6 13. Na5 Bd7 14. Ba6 Bc8 15. Bd3 Bd7 16. Ne4 Nxe4 17. Bxe4 Rc8 18. 0-0 e6 19. Nb7 f6 20. Nd6+ Bxd6 21. Bxd6 Nc4 22. Bc5 Rc7 23. b3 Nb6 24. Rd2 Kf7 25. Rfd1 Rd8 26. c4 g6 27. Bxb6 axb6 28. Bxc6 Rxc6 29. Rxd7+ Rxd7 30. Rxd7+ Ke8 31. Rb7 h5 32. Kf1 h4 33. Ke2 Rd6 34. f4 e5 35. fxe5 Re6 36. Kf3 Rxe5 37. Rxb6 Ke7 38. g3 Rf5+ 39. Kg2 hxg3 40. hxg3 Re5 41. a4 Re2+ 42. Kf3 Ra2 43. c5 g5 44. Kg4 Kf7 45. c6 Kg6 46. Kf3 Kf5 47. Rb5+ Ke6 48. Rc5 f5 49. c7 Kf6 50. c8Q 1-0

[Event "Savigliano op"]
[Site "Savigliano"]
[Date "2009.05.28"]
[Round "1"]
[White "Muha, Zdravko"]
[Black "Babilonia, Mauricio Rafael"]
[Result "1-0"]
[WhiteElo "2113"]
[BlackElo "1800"]
[PlyCount "53"]
[EventDate "2009.05.28"]
[EventType "swiss"]
[EventRounds "6"]
[EventCountry "ITA"]
[SourceTitle "CBM 130 Extra"]
[Source "ChessBase"]
[SourceDate "2009.07.02"]
[SourceVersion "2"]
[SourceVersionDate "2009.07.15"]
[SourceQuality "1"]

1. d4 d5 2. Nf3 Nf6 3. Bg5 e6 4. e3 Be7 5. Nbd2 Nbd7 6. Bd3 0-0 7. 0-0 c5 8. c3 b6 9. Ne5 Bb7 10. f4 Ne4 11. Bxe7 Qxe7 12. Nxe4 dxe4 13. Bb5 Nxe5 14. fxe5 Qg5 15. Qe2 f5 16. Bc4 Qe7 17. dxc5 bxc5 18. Rad1 Rad8 19. Rxd8 Rxd8 20. Rxf5 Bd5 21. Rf1 Qg5 22. Bxd5 exd5 23. Qf2 h6 24. e6 Qe5 25. Qf7+ Kh7 26. e7 Rb8 27. Rf5 1-0

[Event "Zagreb op-B"]
[Site "Zagreb"]
[Date "2009.03.28"]
[Round "8"]
[White "Malada, Vinko"]
[Black "Muha, Zdravko"]
[Result "1-0"]
[WhiteElo "2238"]
[BlackElo "2122"]
[PlyCount "73"]
[EventDate "2009.03.21"]
[EventType "swiss"]
[EventRounds "9"]
[EventCountry "CRO"]
[SourceTitle "CBM 129 Extra"]
[Source "ChessBase"]
[SourceDate "2009.05.05"]
[SourceVersion "2"]
[SourceVersionDate "2009.05.20"]
[SourceQuality "1"]

1. d4 d5 2. c4 e6 3. Nc3 Nf6 4. Bg5 Nbd7 5. e3 Bb4 6. cxd5 exd5 7. Bd3 c5 8. Nge2 c4 9. Bc2 Qa5 10. 0-0 0-0 11. a3 Bd6 12. f3 a6 13. Qd2 h6 14. Bh4 Be7 15. Be1 Qd8 16. e4 dxe4 17. fxe4 b5 18. e5 Nh7 19. Qf4 Nb6 20. d5 Bc5+ 21. Bf2 Bxf2+ 22. Rxf2 Bb7 23. Rd1 Qe7 24. d6 Qg5 25. Qd4 Nd7 26. Bf5 Rad8 27. h4 Qh5 28. Ng3 Qxd1+ 29. Nxd1 Rfe8 30. Bxd7 Rxd7 31. Nf5 Re6 32. Qg4 g5 33. Nxh6+ Kg7 34. Nxf7 Bd5 35. Ne3 Rxf7 36. Rxf7+ Kxf7 37. Qf5+ 1-0

[Event "Cap d'Agde Cavalier op"]
[Site "Cap d'Agde"]
[Date "2008.10.27"]
[Round "4"]
[White "Muha, Zdravko"]
[Black "Penalver, Frederic"]
[Result "0-1"]
[WhiteElo "2086"]
[BlackElo "1941"]
[PlyCount "122"]
[EventDate "2008.10.25"]
[EventType "swiss"]
[EventRounds "9"]
[EventCountry "FRA"]
[SourceTitle "EXT 2010"]
[Source "ChessBase"]
[SourceDate "2010.11.25"]
[SourceVersion "1"]
[SourceVersionDate "2010.11.25"]
[SourceQuality "1"]

1. d4 Nf6 2. Nf3 g6 3. c3 Bg7 4. Bg5 d6 5. Nbd2 Nbd7 6. e4 0-0 7. Bc4 e5 8. dxe5 dxe5 9. Qc2 Qe7 10. 0-0 a5 11. Rfe1 Nc5 12. Nb3 Bd7 13. Nxc5 Qxc5 14. Bf1 Bc6 15. Nd2 b6 16. Be3 Qe7 17. f3 Bb7 18. Bc4 Ba6 19. Bxa6 Rxa6 20. Qa4 Raa8 21. Rad1 Rfd8 22. Nf1 Nh5 23. Rxd8+ Rxd8 24. Rd1 Rxd1 25. Qxd1 Nf4 26. Qd2 Ne6 27. Ng3 Nc5 28. Qd5 Ne6 29. Ne2 Qd8 30. c4 Bf6 31. Kf2 Kf8 32. b3 Ke7 33. Nc3 Nd4 34. Qb7 Kd6 35. Nd5 Nc6 36. Bc1 Bg7 37. Ba3+ Nb4 38. g3 c5 39. Bxb4 cxb4 40. Qxb6+ Qxb6+ 41. Nxb6 Kc5 42. Na4+ Kd4 43. Ke2 f5 44. exf5 gxf5 45. g4 fxg4 46. fxg4 Bf6 47. Nb6 Bd8 48. Nd5 Bg5 49. h3 Bd8 50. Ne3 Kc3 51. c5 Kb2 52. Kd3 Kxa2 53. Kc4 a4 54. Nd5 axb3 55. Nxb4+ Ka3 56. Nd5 b2 57. Nc3 e4 58. g5 Ba5 59. Nb1+ Ka2 60. Nc3+ Ka1 61. h4 e3 0-1

[Event "CRO-chT1B 17th"]
[Site "Sibenik"]
[Date "2008.09.29"]
[Round "3"]
[White "Muha, Zdravko"]
[Black "Separovic, Tomislav"]
[Result "1/2-1/2"]
[WhiteElo "2104"]
[BlackElo "2210"]
[PlyCount "26"]
[EventDate "2008.09.27"]
[EventType "team"]
[EventRounds "9"]
[EventCountry "CRO"]
[SourceTitle "CBM 126 Extra"]
[Source "ChessBase"]
[SourceDate "2008.11.05"]
[SourceVersion "1"]
[SourceVersionDate "2008.11.05"]
[SourceQuality "1"]

1. Nc3 d5 2. d4 Nf6 3. Bg5 Nbd7 4. Nf3 h6 5. Bf4 c5 6. e3 a6 7. h3 e6 8. Be2 Be7 9. 0-0 0-0 10. Ne5 Nxe5 11. Bxe5 Bd6 12. Bxd6 Qxd6 13. Bf3 Bd7 1/2-1/2

[Event "CRO-chT1B 17th"]
[Site "Sibenik"]
[Date "2008.09.27"]
[Round "1"]
[White "Muha, Zdravko"]
[Black "Novak, Danijel"]
[Result "0-1"]
[WhiteElo "2104"]
[BlackElo "2374"]
[PlyCount "102"]
[EventDate "2008.09.27"]
[EventType "team"]
[EventRounds "9"]
[EventCountry "CRO"]
[SourceTitle "CBM 126 Extra"]
[Source "ChessBase"]
[SourceDate "2008.11.05"]
[SourceVersion "1"]
[SourceVersionDate "2008.11.05"]
[SourceQuality "1"]

1. d4 Nf6 2. c3 g6 3. Nf3 Bg7 4. Bg5 0-0 5. Nbd2 d6 6. e4 c5 7. d5 e6 8. dxe6 Bxe6 9. Be2 h6 10. Bh4 Nc6 11. 0-0 Qc7 12. Re1 Rfe8 13. Qc2 a6 14. a4 Rab8 15. h3 b5 16. axb5 axb5 17. Bg3 Red8 18. Bf1 Nd7 19. Red1 c4 20. Be2 Nc5 21. Bh4 Rd7 22. Bg3 Qb7 23. Nf1 Rbd8 24. Ne3 Ne5 25. Nxe5 dxe5 26. Rxd7 Rxd7 27. Bf3 Rd3 28. Be2 Rd7 29. Bf3 Rd3 30. Be2 Rd6 31. Bf3 Qd7 32. Rd1 Nd3 33. Ra1 f5 34. Nf1 f4 35. Bh2 g5 36. Be2 g4 37. hxg4 Bxg4 38. f3 Be6 39. Bxd3 Rxd3 40. Kh1 Kh7 41. Qf2 Qd8 42. g3 Qg5 43. gxf4 exf4 44. Nd2 b4 45. Rg1 Qh5 46. Qg2 Be5 47. cxb4 Bxb2 48. Qe2 Bd4 49. Rb1 Re3 50. Qd1 Bh3 51. Nxc4 Re1+ 0-1

[Event "Geneve op"]
[Site "Geneve"]
[Date "2007.01.21"]
[Round "2"]
[White "Muha, Zdravko"]
[Black "Bauer, Christian"]
[Result "0-1"]
[WhiteElo "2083"]
[BlackElo "2609"]
[PlyCount "80"]
[EventDate "2007.01.20"]
[EventType "swiss"]
[EventRounds "9"]
[EventCountry "SUI"]
[SourceTitle "CBM 116 Extra"]
[Source "ChessBase"]
[SourceDate "2007.03.07"]
[SourceVersion "1"]
[SourceVersionDate "2007.03.07"]
[SourceQuality "1"]

1. d4 d6 2. Nf3 f5 3. Nc3 Nf6 4. Bg5 Nbd7 5. Qd3 g6 6. e4 fxe4 7. Nxe4 Bg7 8. c3 0-0 9. Be2 Nb6 10. Nxf6+ exf6 11. Bd2 c6 12. Bf4 g5 13. Bc1 Be6 14. 0-0 Qd7 15. Qc2 h6 16. Bd3 f5 17. Kh1 Bd5 18. Nd2 Rae8 19. a4 Be6 20. a5 Nd5 21. Nc4 b5 22. axb6 axb6 23. Ne3 Nf4 24. Bc4 d5 25. Bb3 Nh5 26. Qd1 Nf6 27. Nc2 f4 28. Ne1 Bf5 29. Nd3 Ne4 30. Bc2 Re6 31. Bd2 Bg6 32. f3 Nd6 33. Re1 Rfe8 34. Rxe6 Qxe6 35. Nb4 Bxc2 36. Qxc2 c5 37. dxc5 bxc5 38. Nd3 Qf5 39. Re1 Rb8 40. Re2 c4 0-1

[Event "Cap d'Agde op"]
[Site "Cap d'Agde"]
[Date "2006.11.02"]
[Round "8"]
[White "Muratet, Lucas"]
[Black "Muha, Zdravko"]
[Result "1/2-1/2"]
[WhiteElo "1717"]
[BlackElo "2086"]
[PlyCount "232"]
[EventDate "2006.10.26"]
[EventType "swiss"]
[EventRounds "9"]
[EventCountry "FRA"]
[SourceTitle "EXT 2007"]
[Source "ChessBase"]
[SourceDate "2006.11.23"]
[SourceVersion "1"]
[SourceVersionDate "2006.11.23"]
[SourceQuality "1"]

1. Nf3 d5 2. c4 e6 3. d4 Nf6 4. g3 c6 5. Bg2 Ne4 6. 0-0 Nd7 7. Nc3 f5 8. Bf4 Be7 9. Rc1 0-0 10. cxd5 exd5 11. a3 a5 12. Qc2 Ndf6 13. Rb1 Nxc3 14. Qxc3 a4 15. b4 axb3 16. Rxb3 Ne4 17. Qb2 Nd6 18. Bxd6 Bxd6 19. e3 g5 20. Ne5 Qe7 21. Ra1 Bxe5 22. dxe5 g4 23. h3 h5 24. f4 gxf3 25. Bxf3 h4 26. gxh4 Qxh4 27. Kh2 Kh7 28. Rg1 Rg8 29. Rxb7+ Bxb7 30. Qxb7+ Kh8 31. Qxc6 Rxg1 32. Kxg1 Rg8+ 33. Kf1 Qc4+ 34. Qxc4 dxc4 35. Bd1 c3 36. Ba4 Re8 37. Ke2 Rxe5 38. Kd3 Ra5 39. Bc2 Rxa3 40. Kc4 Ra5 41. Kxc3 Kg7 42. Kd3 Kf6 43. Bd1 Rd5+ 44. Ke2 Kg5 45. Bc2 Rc5 46. Bd3 Rc3 47. Bb5 Rb3 48. Bd7 Rb7 49. Bc6 Re7 50. Kf3 Rc7 51. Bb5 Rc3 52. Bd7 Rc7 53. Bb5 Rb7 54. Bc6 Rb4 55. Bd7 Rh4 56. Kg3 Rh7 57. Bc6 Rc7 58. Bf3 Rc3 59. h4+ Kf6 60. Kf4 Rc4+ 61. e4 Rc5 62. exf5 Rxf5+ 63. Kg3 Ra5 64. h5 Kg5 65. Bb7 Ra3+ 66. Kf2 Kxh5 67. Kg2 Kg4 68. Kf2 Kf4 69. Ke2 Ke5 70. Kf2 Kd4 71. Kg2 Ke3 72. Kf1 Ra2 73. Bc6 Rf2+ 74. Kg1 Rc2 75. Bb7 Rc7 76. Ba8 Rc2 77. Kf1 Rf2+ 78. Kg1 Rf8 79. Bc6 Rg8+ 80. Kf1 Rg6 81. Bb7 Rb6 82. Ba8 Rb2 83. Bc6 Rb1+ 84. Kg2 Rc1 85. Bb7 Kf4 86. Kf2 Rc2+ 87. Kf1 Ke3 88. Ba8 Rc8 89. Bb7 Rf8+ 90. Kg1 Kf4 91. Kg2 Rg8+ 92. Kf2 Rb8 93. Bc6 Rb2+ 94. Kf1 Ke3 95. Ba8 Rf2+ 96. Kg1 Ke2 97. Bb7 Rf6 98. Kg2 Rg6+ 99. Kh3 Ke3 100. Ba8 Kf4 101. Bb7 Rg4 102. Ba8 Rg3+ 103. Kh2 Rg7 104. Kh3 Ke3 105. Bc6 Kf2 106. Ba8 Rg3+ 107. Kh4 Rg1 108. Kh3 Rg8 109. Bb7 Rg3+ 110. Kh4 Rg7 111. Ba8 Ke3 112. Kh3 Kf4 113. Bc6 Rg3+ 114. Kh2 Rc3 115. Bb7 Rc2+ 116. Kg1 Kg3 1/2-1/2

[Event "Salsomaggiore Terme op"]
[Site "Salsomaggiore Terme"]
[Date "2006.05.14"]
[Round "6"]
[White "Baldelli, Alex"]
[Black "Muha, Zdravko"]
[Result "1/2-1/2"]
[WhiteElo "2028"]
[BlackElo "2083"]
[PlyCount "57"]
[EventDate "2006.05.12"]
[EventType "swiss"]
[EventRounds "6"]
[EventCountry "ITA"]
[SourceTitle "EXT 2007"]
[Source "ChessBase"]
[SourceDate "2006.11.23"]
[SourceVersion "1"]
[SourceVersionDate "2006.11.23"]
[SourceQuality "1"]

1. d4 Nf6 2. c4 e6 3. Nc3 d5 4. Bg5 Nbd7 5. cxd5 exd5 6. Nf3 Bb4 7. Qc2 c5 8. e3 Qa5 9. Nd2 cxd4 10. exd4 0-0 11. Be2 Re8 12. Be3 Nf8 13. 0-0 Ng4 14. Bxg4 Bxg4 15. Nb3 Qd8 16. a3 Be7 17. Qd2 b6 18. Rac1 Rc8 19. Rfe1 Ne6 20. h3 Bh5 21. f4 Bg6 22. Ne2 Be4 23. Rxc8 Qxc8 24. Rc1 Qa6 25. Rc3 h5 26. Ng3 h4 27. Nxe4 dxe4 28. f5 Nf8 29. Qf2 1/2-1/2

[Event "Salsomaggiore Terme op"]
[Site "Salsomaggiore Terme"]
[Date "2006.05.13"]
[Round "3"]
[White "Muha, Zdravko"]
[Black "Gerundino, Nicola"]
[Result "1-0"]
[WhiteElo "2083"]
[BlackElo "1968"]
[PlyCount "111"]
[EventDate "2006.05.12"]
[EventType "swiss"]
[EventRounds "6"]
[EventCountry "ITA"]
[SourceTitle "EXT 2007"]
[Source "ChessBase"]
[SourceDate "2006.11.23"]
[SourceVersion "1"]
[SourceVersionDate "2006.11.23"]
[SourceQuality "1"]

1. d4 d6 2. Nf3 g6 3. Bg5 Bg7 4. c3 Nf6 5. Nbd2 Nbd7 6. e4 e5 7. dxe5 Nxe5 8. Nxe5 dxe5 9. Bc4 0-0 10. Qc2 Qe7 11. 0-0 Be6 12. Qb3 Bxc4 13. Nxc4 Qe6 14. f3 Nd7 15. Be3 Rfd8 16. Rfd1 Bf8 17. Na5 Qxb3 18. axb3 Bc5 19. Kf2 Bxe3+ 20. Kxe3 Rab8 21. b4 Kf8 22. Rd5 f6 23. g3 Ke7 24. Rad1 c6 25. Rd6 Nb6 26. Rxd8 Rxd8 27. Rxd8 Kxd8 28. Nxb7+ Kc7 29. Nc5 Kd6 30. b3 Na8 31. f4 Nc7 32. c4 Na8 33. Kd3 Nc7 34. Kc3 Ne8 35. Na6 Ng7 36. Nc5 h5 37. Nd3 exf4 38. gxf4 g5 39. e5+ fxe5 40. fxe5+ Ke6 41. Kd4 Nf5+ 42. Ke4 Ne7 43. Nc5+ Kf7 44. Nb7 Kg6 45. Nd8 h4 46. Ne6 h3 47. Nd4 Kh5 48. Nf5 Ng6 49. e6 g4 50. b5 cxb5 51. c5 Ne7 52. Ng3+ Kg5 53. Ke5 a5 54. Ne4+ Kg6 55. Kd6 g3 56. Nxg3 1-0

[Event "Salsomaggiore Terme op"]
[Site "Salsomaggiore Terme"]
[Date "2005.06.22"]
[Round "5"]
[White "Muha, Zdravko"]
[Black "Cottarelli, Franco"]
[Result "0-1"]
[WhiteElo "2127"]
[BlackElo "1930"]
[PlyCount "21"]
[EventDate "2005.06.04"]
[EventType "swiss"]
[EventRounds "6"]
[EventCountry "ITA"]
[SourceTitle "EXT 2006"]
[Source "ChessBase"]
[SourceDate "2005.11.24"]
[SourceVersion "1"]
[SourceVersionDate "2005.11.24"]
[SourceQuality "1"]

1. d4 f5 2. e4 fxe4 3. Nc3 Nf6 4. Bg5 Nc6 5. Bb5 g6 6. d5 Ne5 7. Nge2 Nf7 8. Bxf6 exf6 9. Nxe4 Bg7 10. Nd4 0-0 11. Ne6 0-1

[Event "Cap d'Agde Cavalier op"]
[Site "Cap d'Agde"]
[Date "2003.10.30"]
[Round "8"]
[White "Dubreuil, Remy"]
[Black "Muha, Zdravko"]
[Result "1/2-1/2"]
[WhiteElo "2028"]
[BlackElo "2099"]
[PlyCount "43"]
[EventDate "2003.10.??"]
[EventType "swiss"]
[EventRounds "9"]
[EventCountry "FRA"]
[SourceTitle "EXT 2005"]
[Source "ChessBase"]
[SourceDate "2004.11.15"]
[SourceVersion "1"]
[SourceVersionDate "2004.11.15"]
[SourceQuality "1"]

1. e4 c6 2. d4 d5 3. e5 Bf5 4. Bd3 Bxd3 5. Qxd3 Qa5+ 6. c3 Qa6 7. Qd1 e6 8. Ne2 h5 9. 0-0 Ne7 10. b4 b6 11. a4 Nd7 12. Na3 Qb7 13. Nc2 c5 14. bxc5 bxc5 15. Ne3 Nc6 16. f4 cxd4 17. cxd4 g6 18. Ba3 Rb8 19. Bxf8 Kxf8 20. Rb1 Qxb1 21. Qxb1 Rxb1 22. Rxb1 1/2-1/2

[Event "Cap d'Agde Cavalier op"]
[Site "Cap d'Agde"]
[Date "2003.10.28"]
[Round "6"]
[White "Morelle, Laurent"]
[Black "Muha, Zdravko"]
[Result "0-1"]
[WhiteElo "1970"]
[BlackElo "2099"]
[PlyCount "70"]
[EventDate "2003.10.??"]
[EventType "swiss"]
[EventRounds "9"]
[EventCountry "FRA"]
[SourceTitle "EXT 2005"]
[Source "ChessBase"]
[SourceDate "2004.11.15"]
[SourceVersion "1"]
[SourceVersionDate "2004.11.15"]
[SourceQuality "1"]

1. e4 c6 2. d4 d5 3. exd5 cxd5 4. c4 Nf6 5. Nc3 e6 6. Nf3 Bb4 7. Bg5 Qa5 8. Bxf6 Bxc3+ 9. bxc3 Qxc3+ 10. Nd2 gxf6 11. cxd5 Qxd4 12. Bb5+ Bd7 13. Bxd7+ Nxd7 14. dxe6 Qe5+ 15. Kf1 fxe6 16. Rb1 Qd5 17. Qe2 Rg8 18. f3 Rc8 19. Ne4 Ke7 20. Rd1 Qe5 21. Qd2 Qb5+ 22. Ke1 Ne5 23. Nd6 Nxf3+ 24. gxf3 Qe5+ 25. Ne4 Rc7 26. Qb4+ Kf7 27. Kf1 Qh5 28. Nd6+ Ke7 29. Nf5+ Kf7 30. Nd6+ Ke7 31. Nf5+ Kf7 32. Nd6+ Ke7 33. Nb5+ Kf7 34. Nxc7 Qxf3+ 35. Ke1 Qxh1+ 0-1

[Event "Cap d'Agde Cavalier op"]
[Site "Cap d'Agde"]
[Date "2003.10.27"]
[Round "5"]
[White "Muha, Zdravko"]
[Black "Innocente, Nicolas"]
[Result "1/2-1/2"]
[WhiteElo "2099"]
[BlackElo "2016"]
[PlyCount "112"]
[EventDate "2003.10.??"]
[EventType "swiss"]
[EventRounds "9"]
[EventCountry "FRA"]
[SourceTitle "EXT 2005"]
[Source "ChessBase"]
[SourceDate "2004.11.15"]
[SourceVersion "1"]
[SourceVersionDate "2004.11.15"]
[SourceQuality "1"]

1. d4 e6 2. Nd2 c5 3. e3 Nf6 4. Ngf3 b6 5. Bd3 Bb7 6. 0-0 Be7 7. e4 cxd4 8. Nxd4 Nc6 9. c3 a6 10. Qe2 Ne5 11. Bc2 d6 12. f4 Nc6 13. N2f3 Qc7 14. Bd3 Nd7 15. Be3 Nc5 16. Bc2 Bf6 17. Bf2 0-0 18. Rac1 Rad8 19. Rfd1 Rfe8 20. Bg3 e5 21. fxe5 dxe5 22. Nf5 Ne7 23. Nxe7+ Qxe7 24. b4 Nd7 25. Bd3 a5 26. a3 Rc8 27. Bb5 Bc6 28. Bf2 Qe6 29. Bc4 Qg4 30. Bd5 Ba4 31. Rd2 Bd8 32. Bg3 Bc7 33. bxa5 bxa5 34. Bxf7+ Kxf7 35. Qc4+ Kf8 36. Qxa4 Nc5 37. Qd1 Nxe4 38. Nh4 Bb6+ 39. Kh1 Qxd1+ 40. Rdxd1 Nxg3+ 41. hxg3 Re6 42. Nf5 Rcc6 43. Rf1 Kg8 44. Nh4 Rh6 45. Rf5 Rc4 46. Kh2 g6 47. Rf6 Bd8 48. Re6 Kf7 49. Ra6 Bxh4 50. gxh4 Rhxh4+ 51. Kg1 Ra4 52. Rb1 Kg8 53. Rb7 Rhf4 54. Raa7 Rxa3 55. Rg7+ Kf8 56. Rxh7 Kg8 1/2-1/2

[Event "Padova op-B 3rd"]
[Site "Padova"]
[Date "2000.12.03"]
[Round "3.3"]
[White "Morganti, Lionello"]
[Black "Muha, Zdravko"]
[Result "0-1"]
[WhiteElo "1726"]
[BlackElo "1824"]
[PlyCount "132"]
[EventDate "2000.12.02"]
[EventType "swiss"]
[EventRounds "6"]
[EventCountry "ITA"]
[SourceTitle "EXT 2024"]
[Source "ChessBase"]
[SourceDate "2023.10.10"]
[SourceVersion "1"]
[SourceVersionDate "2023.10.10"]
[SourceQuality "1"]

1. e4 c6 2. d4 d5 3. Nc3 dxe4 4. Nxe4 Bf5 5. Ng3 Bg6 6. Bc4 e6 7. N1e2 Bd6 8. Bf4 Nf6 9. 0-0 0-0 10. c3 Nd5 11. Bxd6 Qxd6 12. Bd3 Bxd3 13. Qxd3 Nd7 14. Rad1 N7f6 15. Ne4 Nxe4 16. Qxe4 Nf6 17. Qh4 Qd5 18. a3 Qe4 19. Qxe4 Nxe4 20. f3 Nd6 21. Rf2 Nc4 22. Nc1 Rfd8 23. Nd3 Rd5 24. Re2 Rad8 25. Ra1 b6 26. Ne5 Nxe5 27. dxe5 g5 28. Kf2 Kg7 29. Rae1 a5 30. Re4 Kg6 31. R1e2 h5 32. h4 Rd1 33. hxg5 Kxg5 34. g3 R8d5 35. Rc2 Rh1 36. Rce2 Rdd1 37. Rf4 Kg6 38. Rf6+ Kg7 39. Rf4 Rd3 40. Rh4 Rxh4 41. gxh4 Kg6 42. Kg3 Kf5 43. Re4 Rd2 44. b4 a4 45. Rc4 Kxe5 46. Rxc6 b5 47. c4 bxc4 48. Rxc4 Rd3 49. Rc5+ Kd4 50. Rxh5 Rxa3 51. Rh7 f5 52. Ra7 e5 53. h5 e4 54. h6 Rxf3+ 55. Kg2 Rf4 56. Kg3 Rg4+ 57. Kh3 Rg6 58. h7 Rh6+ 59. Kg2 Kc4 60. Rxa4 Rxh7 61. Kg3 Rh1 62. Kg2 Rh4 63. Kg3 Rg4+ 64. Kh3 Rf4 65. Kg3 Rf3+ 66. Kg2 Kb5 0-1

[Event "Padova op-A 1st"]
[Site "Padova"]
[Date "1998.12.20"]
[Round "6.1"]
[White "Viola, Matteo"]
[Black "Muha, Zdravko"]
[Result "0-1"]
[WhiteElo "1877"]
[BlackElo "1866"]
[PlyCount "110"]
[EventDate "1998.12.12"]
[EventType "swiss"]
[EventRounds "6"]
[EventCountry "ITA"]
[SourceTitle "EXT 2023"]
[Source "ChessBase"]
[SourceDate "2022.10.05"]
[SourceVersion "1"]
[SourceVersionDate "2022.10.05"]
[SourceQuality "1"]

1. d4 d5 2. Nc3 c6 3. e4 dxe4 4. Nxe4 Bf5 5. Ng3 Bg6 6. h4 h6 7. Nh3 Nf6 8. Nf4 Bh7 9. Bc4 e6 10. c3 Nbd7 11. Qe2 Qe7 12. Nd3 Nd5 13. Rh3 N7f6 14. Ne5 Qc7 15. Bd3 Bxd3 16. Nxd3 Nd7 17. Bd2 N5f6 18. c4 0-0-0 19. Rc1 c5 20. dxc5 Nxc5 21. Nxc5 Bxc5 22. b4 Bd4 23. c5 Qe5 24. f4 Qxe2+ 25. Nxe2 Bf2+ 26. Kxf2 Rxd2 27. Ra3 Kb8 28. Rc4 Rhd8 29. b5 h5 30. Kf3 R2d3+ 31. Rxd3 Rxd3+ 32. Kf2 Ng4+ 33. Ke1 Ne3 34. Nc1 Rd5 35. Rc3 Nxg2+ 36. Kf2 Nxf4 37. Nb3 e5 38. Kf3 f5 39. a4 Rd3+ 40. Rxd3 Nxd3 41. Ke3 Nf4 42. Kf3 Ne6 43. Ke3 Kc7 44. Kd3 g5 45. hxg5 Nxg5 46. Nd2 Ne6 47. Kc4 Ng5 48. Kd5 e4 49. Nf1 f4 50. Kd4 h4 51. a5 a6 52. b6+ Kc6 53. Nd2 e3 54. Nc4 Ne6+ 55. Ke4 e2 0-1